| 000 | 00543nam a22001697a 4500 | ||
|---|---|---|---|
| 020 | _qHard Cover. | ||
| 082 | _a629.892 | ||
| 100 | _aAffan Zia, Muhammad | ||
| 245 |
_aEye Pupil Based Control of Electric Wheelchair _cMuhammad Affan Zia. |
||
| 260 |
_aIslamabad: _bSMME-NUST. _c2016. |
||
| 300 |
_av, 39 p. : ill. , _c30cm. |
||
| 650 |
_aMs Thesis. _918721 |
||
| 700 |
_aDr. Yasar Ayaz. _916202 |
||
| 856 | _uhttp://10.250.8.41:8080/xmlui/handle/123456789/9500 | ||
| 942 |
_2ddc _cTHE |
||
| 999 |
_c529406 _d529406 |
||